00593nam a2200133Ia 4500008004100000100003300041245014500074260004600219300002000265650001300285856006900298999001900367952007300386160712s9999 xx 000 0 und d aAndrada, Michael Francis C.  cMichael Francis C. AndradaaMidya, Eleksiyon, at ang Politikal na Reimahinasyon: Ang Muling Pag-aakda sa Campaign Jingle na "Naging Mahirap" c2011bDaluyan: Journal ng Wikang Filipino avol. 17 no. 1-2 xFILIPINO uhttp://journals.upd.edu.ph/index.php/djwf/issue/view/307/showToc c297564d297564 001040aCLbCLd2016-07-12l0r2016-07-12 00:00:00w2016-07-12yFEJ